000 01006nam a2200253 i 4500
001 bg
245 0 0 _aProjektowanie i budowa dróg :
_bkrajowa konferencja naukowo-techniczna, Kazimierz Dolny, 7-8 października 1999 r. /
_corg. Politechnika Lubelska, Generalna Dyrekcja Dróg Publicznych Oddz. Wschodni w Lublinie, Stowarzyszenie Inżynierów i Techników Komunikacji Zarząd Oddziału w Lublinie.
260 _aLublin :
_bNorbertinum,
_c1999.
300 _a339 s. :
_bfot. kolor.,mapy, rys., wykr. ;
_c24 cm.
504 _aBibliogr. przy ref.
650 9 _aDrogi
_xbudowa
650 9 _aDrogi
_xprojekty
655 _aMateriały konferencyjne
710 0 _aPolitechnika Lubelska
710 0 _aGeneralna Dyrekcja Dróg Publicznych (Lublin)
710 0 _aStowarzyszenie Inżynierów i Techników Komunikacji (Lublin)
020 _a837222028X
040 _cBPK
041 0 _apl
080 _a625.7/.8(061)
920 _a83-7222-028-X
942 _cKS
008 s pl f |000 0 pol
999 _c37147
_d37147
856 _uhttp://koha.tu.koszalin.pl/cgi-bin/koha/opac-detail.pl?biblionumber=37147
_yKatalog online BPK